000 00641nam a2200241 a 4500
999 _c5512
_d5512
001 5512
003 BD-JhCC
005 20190408134015.0
008 171217s2010 bg ||||| ||a| 00| 0 mul d
020 _a9840748998
035 _a(BD-JhCC)5512
040 _aBD-JhCC
_dBD-JhCC
041 _aeng
082 _a423
_bBAN 2010
245 _aBangla Academy English - Bangla Dictionary /
_cedietd by Zillur Rahman Siddiqui
250 _a2nd ed.
260 _aDhaka :
_bBangal Academy,
_c2010.
300 _a915 p. :
_c22 cm.
650 _aDictionaries, English
700 _aSiddiqui, Zillur Rahman
942 _2ddc
_cBK
_01